Monitorovanie prostredia vybranej organizácie bakalárska práca

Salvato in:
Dettagli Bibliografici
Autore principale: Čisárová, Beáta
Ente Autore: Podnikovohospodárska fakulta EU so sídlom v Košiciach. Katedra manažmentu
Altri autori: Mihalčová, Bohuslava, 1963-
Natura: Libro
Lingua:slovacco
Pubblicazione: Košice 2013
Tags: Aggiungi Tag
Nessun Tag, puoi essere il primo ad aggiungerne!!

MARC

LEADER 00000nbm a2200000 4500
001 0172213
005 20161109112036.2
041 0 |a slo 
044 |a SK 
245 1 0 |a Monitorovanie prostredia vybranej organizácie  |b bakalárska práca  |c Beáta Čisárová ; školiteľ: Bohuslava Mihalčová 
264 1 |a Košice  |c 2013 
300 |a 60 s. 
100 1 |a Čisárová, Beáta 
700 1 |a Mihalčová, Bohuslava, 1963- 
710 2 |a Podnikovohospodárska fakulta EU so sídlom v Košiciach. Katedra manažmentu